| 000 | 00000nam 2200000zi 4500 |
| 001 | 9.936955 |
| 003 | CaOODSP |
| 005 | 20240418122337 |
| 006 | m o d f |
| 007 | cr mn||||||||| |
| 008 | 240417s2022 quc o f000 0 eng d |
| 040 | |aCaOODSP|beng|erda|cCaOODSP |
| 043 | |an-cn--- |
| 045 | |ay1y2 |
| 086 | 1 |aEn4-169/2022-1E-PDF |
| 245 | 00|aAt a glance : |bevaluation of the Environmental Damages Fund. |
| 264 | 1|a[Gatineau, Quebec] : |bEnvironment and Climate Change Canada = Environnement et changement climatique Canada, |c[2022] |
| 300 | |a1 online resource (4 unnumbered pages) |
| 336 | |atext|btxt|2rdacontent |
| 337 | |acomputer|bc|2rdamedia |
| 338 | |aonline resource|bcr|2rdacarrier |
| 500 | |aIssued also in French under title: Regards sur l'évaluation : évaluation du Fonds pour dommages à l'environnement. |
| 610 | 10|aCanada. |bEnvironment and Climate Change Canada|xEvaluation. |
| 650 | 0|aEnvironmental impact charges|xGovernment policy|zCanada|xEvaluation. |
| 650 | 0|aEnvironmental policy|zCanada|xEvaluation. |
| 650 | 0|aEnvironmental protection|zCanada|xFinance|xEvaluation. |
| 710 | 1 |aCanada. |bEnvironment and Climate Change Canada. |bEvaluation Division, |eissuing body. |
| 775 | 08|tRegards sur l'évaluation : |w(CaOODSP)9.936957 |
| 856 | 40|qPDF|s191 KB|uhttps://publications.gc.ca/collections/collection_2024/eccc/en4/En4-169-2022-1-eng.pdf |
| 856 | 4 |qHTML|sN/A|uhttps://www.canada.ca/en/environment-climate-change/corporate/transparency/priorities-management/evaluations/environmental-damages-fund/at-a-glance.html |